| 000 | 00607nam a2200217Ia 4500 | ||
|---|---|---|---|
| 005 | 20250508170046.0 | ||
| 008 | 008 250505s9999 xx 000 0 hin d | ||
| 020 | _a978-93-82545-01-9 | ||
| 037 | _aTextual | ||
| 040 |
_aFEDL _beng _cFEDL |
||
| 041 |
_ahin _2eng |
||
| 084 |
_a371.2, MEH _qFEDL |
||
| 100 |
_aMehta Deepa _9782848 |
||
| 245 | 0 | _aShaikshik prabandhan | |
| 260 |
_aDelhi, India _bPHI Learning Private Limited _c2015 |
||
| 300 | _axi, 227p. | ||
| 365 |
_aINR _b250 |
||
| 546 | _aGifted by HOD Namita Ranganathan | ||
| 942 |
_cTEXL _h371.2, MEH |
||
| 999 |
_c1398984 _d1398984 |
||